Characteristics of a Successful Exchange Rate System (Record no. 6005)
[ view plain ]
| 000 -LEADER | |
|---|---|
| fixed length control field | 00723nam a22002417u 4500 |
| 001 - CONTROL NUMBER | |
| control field | 6437 |
| 003 - CONTROL NUMBER IDENTIFIER | |
| control field | OSt |
| 005 - DATE AND TIME OF LATEST TRANSACTION | |
| control field | 20170818153059.0 |
| 007 - PHYSICAL DESCRIPTION FIXED FIELD--GENERAL INFORMATION | |
| fixed length control field | tu |
| 008 - FIXED-LENGTH DATA ELEMENTS--GENERAL INFORMATION | |
| fixed length control field | 161220s1991 xxu||||| |||| 00| 0 d |
| 024 7# - OTHER STANDARD IDENTIFIER | |
| Standard number or code | 6437 |
| Source of number or code | RID |
| 024 7# - OTHER STANDARD IDENTIFIER | |
| Standard number or code | 6437 |
| Source of number or code | RSN (alt) |
| 040 ## - CATALOGING SOURCE | |
| Transcribing agency | OSt |
| 100 1# - MAIN ENTRY--PERSONAL NAME | |
| Personal name | Frenkel, Jacob A. |
| 245 00 - TITLE STATEMENT | |
| Title | Characteristics of a Successful Exchange Rate System |
| 260 ## - PUBLICATION, DISTRIBUTION, ETC. | |
| Place of publication, distribution, etc. | Washington, D.C. : |
| Name of publisher, distributor, etc. | International Monetary Fund, |
| Date of publication, distribution, etc. | 1991. |
| 490 ## - SERIES STATEMENT | |
| Series statement | IMF Occasional Paper |
| Volume/sequential designation | 82 |
| International Standard Serial Number | 0251-6365 |
| 700 1# - ADDED ENTRY--PERSONAL NAME | |
| Personal name | Goldstein, Morris |
| 700 1# - ADDED ENTRY--PERSONAL NAME | |
| Personal name | Masson, Paul R. |
| 710 2# - ADDED ENTRY--CORPORATE NAME | |
| Corporate name or jurisdiction name as entry element | International Monetary Fund (IMF) |
| 942 ## - ADDED ENTRY ELEMENTS (KOHA) | |
| Koha item type | Paper |
| Withdrawn status | Lost status | Damaged status | Not for loan | Home library | Current library | Shelving location | Date acquired | Inventory number | Total Checkouts | Barcode | Date last seen | Price effective from | Koha item type |
|---|---|---|---|---|---|---|---|---|---|---|---|---|---|
| WIIW | WIIW | Library | 08/04/2004 | 6437 | 10001934 | 01/26/2017 | 01/26/2017 | Paper |
